Oxford advanced learner's dictionary of current English (Record no. 4772)
[ view plain ]
| 000 -LEADER | |
|---|---|
| fixed length control field | 00821 a2200229 4500 |
| 020 ## - INTERNATIONAL STANDARD BOOK NUMBER | |
| International Standard Book Number | 0194314243 (hbk.) : |
| 020 ## - INTERNATIONAL STANDARD BOOK NUMBER | |
| International Standard Book Number | 019431510X (pbk.) : |
| 020 ## - INTERNATIONAL STANDARD BOOK NUMBER | |
| International Standard Book Number | 0194315851 (pbk. with Genie CD-ROM) |
| 020 ## - INTERNATIONAL STANDARD BOOK NUMBER | |
| International Standard Book Number | 019431586X (hbk. with Genie CD-ROM) |
| 020 ## - INTERNATIONAL STANDARD BOOK NUMBER | |
| International Standard Book Number | 0194315509 (International student's ed.) |
| 040 ## - CATALOGING SOURCE | |
| Original cataloging agency | DLC |
| Language of cataloging | DLC |
| 082 04 - DEWEY DECIMAL CLASSIFICATION NUMBER | |
| Classification number | 423 |
| 100 1# - MAIN ENTRY--PERSONAL NAME | |
| Personal name | Hornby, Albert Sydney. |
| 245 10 - TITLE STATEMENT | |
| Title | Oxford advanced learner's dictionary of current English |
| Statement of responsibility, etc. | A. S. Hornby. |
| 246 30 - VARYING FORM OF TITLE | |
| Title proper/short title | Advanced learner's dictionary |
| 250 ## - EDITION STATEMENT | |
| Edition statement | 6th ed. / |
| Remainder of edition statement | edited by Sally Wehmeier |
| 260 ## - PUBLICATION, DISTRIBUTION, ETC. | |
| Place of publication, distribution, etc. | Oxford : |
| Name of publisher, distributor, etc. | Oxford University Press, |
| Date of publication, distribution, etc. | 2000. |
| 300 ## - PHYSICAL DESCRIPTION | |
| Extent | xii, 1539 p., [32] p. of plates : |
| Other physical details | ill. (some col.), col. maps ; |
| Dimensions | 24 cm + |
| Accompanying material | 1 CD-ROM (4 3/4in) |
| 650 #0 - SUBJECT ADDED ENTRY--TOPICAL TERM | |
| Topical term or geographic name entry element | English language |
| 700 1# - ADDED ENTRY--PERSONAL NAME | |
| Personal name | Wehmeier, Sally. |
| 942 ## - ADDED ENTRY ELEMENTS (KOHA) | |
| Koha item type | Book |
| Call number prefix | 423 WEH |
| Source of classification or shelving scheme | |
| Withdrawn status | Lost status | Damaged status | Not for loan | Collection code | Permanent Location | Current Location | Shelving location | Date acquired | Source of acquisition | Cost, normal purchase price | Total Checkouts | Full call number | Barcode | Date last seen | Date last checked out | Price effective from | Koha item type |
|---|---|---|---|---|---|---|---|---|---|---|---|---|---|---|---|---|---|
| Central Library (CL) | Central Library (CL) | General Stacks | 06/07/2003 | Old Book Bank | 650.00 | 1 | 423 WEH | SEECS003514 | 08/30/2014 | 08/27/2014 | 01/05/2017 | Reference |
